000 00946nas a2200337 4500
001 BR9903181
003 BR-BrBNA
005 20231205101453.0
007 ta
008 230509b bl.|||p| |||| 00| 00por d
040 _aBR-BrBNA
_bpor
_cBiblioteca Nacional de Agricultura
041 _a(Pt)
072 _aH20
100 1 _aMeneguzzo, J.
100 1 _aRizzon, L.A.
100 1 _aMiele, A.
100 1 _aAyub, M.A.Z.
245 1 _aEfeito da podridao do cacho na composicao do mosto de Vitis vinifera cv. Gewurztraminer
650 _aUva
650 _aPodridao
650 _aCacho
650 _aInfeccao
650 _aPatogeno
650 _aMosto
650 _aAnalise Quimica
650 _aControle de Qualidade
650 _aRio Grande do Sul
773 0 _tFitopatologia Brasileira (Brazil)
_xISSN 0100-4158
_g(Mar 1999), v. 24(1) p. 45-48
_wBR9903181
909 _a202311
_bLúcia
_c55
_dLúcia Elande
942 _2AGRIS
_n0
_cANA
999 _c162053
_d162053